Egypt Air Destinations - Statistics

General Stats
  • This quiz has been taken 17 times
  • The average score is 57 of 91
Answer Stats
Airport % Correct
Heathrow
100%
Abu Dhabi International
93%
Abu Simbel
93%
Athens International
93%
Baghdad International
93%
Charles De Gaulle
93%
Dubai International
93%
Dublin
93%
Istanbul
93%
Julius Nyerere International
93%
King Abdulaziz International
93%
Leonardo da Vinci–Fiumicino
93%
Madrid–Barajas
93%
Newark Liberty International
93%
Beijing Capital International
87%
Ben Gurion
87%
Hamad International
87%
John F. Kennedy International
87%
Milan Malpensa
87%
Mohammed V International
87%
Munich
87%
Muscat International
87%
Queen Alia International
87%
Addis Ababa Bole International
80%
Berlin Brandenburg
80%
Houari Boumediene
80%
Josep Tarradellas Barcelona–El Prat
80%
Mitiga International
80%
Narita International
80%
O. R. Tambo International
80%
Tunis–Carthage International
80%
Amsterdam Schiphol
73%
Beirut Rafic Hariri International
73%
Borg el Arab
73%
Chhatrapati Shivaji Maharaj International
73%
Copenhagen
73%
El Kharga
73%
Indira Gandhi International
73%
Kuwait International
73%
Moscow Domodedovo
73%
Vienna International
73%
Brussels
67%
Budapest Ferenc Liszt International
67%
Jomo Kenyatta International
67%
Luxor International
67%
Murtala Muhammed International
67%
Toronto Pearson International
67%
Washington Dulles International
67%
Zürich
67%
Geneva
60%
Hong Kong International
60%
Manchester
60%
Port Sudan New International
60%
Prince Mohammad bin Abdulaziz International
60%
Shanghai Pudong
60%
Bahrain International
53%
Düsseldorf
53%
Hurghada International
53%
Kansai International
53%
Kigali International
53%
Kotoka International
53%
N'djili
53%
Prague Václav Havel
53%
São Paulo/Guarulhos International
53%
Sharm El Sheikh International
53%
Soekarno–Hatta International
53%
Aswan International
47%
Erbil International
47%
Félix-Houphouët-Boigny International
47%
Larnaca International
47%
Marsa Alam International
47%
Nnamdi Azikiwe International
47%
Assiut
40%
King Fahd International
40%
Guangzhou Baiyun
33%
Juba International
33%
N'Djamena International
33%
Prince Said Ibrahim International
33%
Asmara International
27%
Hazrat Shahjalal International
27%
Mallam Aminu Kano International
27%
Sharjah International
27%
Sohag International
27%
Abha Regional
20%
Douala International
20%
Fujairah International
20%
Benina International
13%
Entebe International
13%
Hangzhou Xiaoshan International
13%
Misrata International
13%
Prince Nayef bin Abdulaziz International
13%
No matching quizzes found
Score Distribution
Percent of People with Each Score
Percentile by Number Answered
Your Score History
You have not taken this quiz